[Event "IECC M2-2007.T06.02"]
[Site "IECC email"]
[Date "2007.04.10"]
[Round "?"]
[White "Lyew, Merrill"]
[Black "Velazquez, Antonio"]
[Result "1-0"]
[WhiteElo "1693"]
[BlackElo "1700"]
[PlyCount "37"]
[EventDate "2007.??.??"]
[EventType "tourn (corr)"]
[EventRounds "10"]
[SourceTitle "Corr 2008"]
[Source "ChessBase"]
[SourceDate "2008.06.24"]
[SourceVersion "1"]
[SourceVersionDate "2008.06.24"]
[SourceQuality "1"]
[WhiteTeam "US of America"]
[BlackTeam "Mexico"]
[WhiteTeamCountry "USA"]
[BlackTeamCountry "MEX"]

1. e4 e6 2. d4 d5 3. exd5 exd5 4. Nf3 Nf6 5. Be2 Bd6 6. 0-0 0-0 7. Nc3 Bg4 8. Bg5 c6 9. h3 Bxf3 10. Bxf3 Nbd7 11. Re1 Qc7 12. Qd2 Rfe8 13. a4 h6 14. Be3 Nb6 15. Be2 Bb4 16. Bf4 Qd7 17. Qd3 Nc4 18. Qg3 Nb6 19. Bxh6 1-0